Quick Pick: Medical Terms Quiz Stats

 Plays Quiz Updated Jun 8, 2018

Challenge
Share
Tweet
Embed
Score 0/10 Timer 02:00
7 Plays Today
% Correct
obesity
97.5%
fracture
97.3%
femur
97.1%
prostate
95.7%
diarrhea
94.7%
appendix
92.3%
meningitis
91.3%
hernia
87.3%
eczema
85.1%
measles
77.1%

Today's Daily Dose

Missing Word
Top 10 Artists

Word Ladder
'70s Song II

On This Day
October 20th II

You're not logged in!

Compare scores with friends on all Sporcle quizzes.
Join for Free
OR
Log In

You Might Also Like...

Show Comments

Extras

Top Quizzes Today


Score Distribution

Your Account Isn't Verified!

In order to create a playlist on Sporcle, you need to verify the email address you used during registration. Go to your Sporcle Settings to finish the process.

Report this User

Report this user for behavior that violates our Community Guidelines.

Details: